Foreign-Born Population: Sacramento Quiz Stats

 Plays Quiz not verified by Sporcle

Score 0/30 Timer 05:00
0 Plays Today
Number of Immigrants Country % Correct
33,407Mexico
97.5%
10,150China
97.5%
850Japan
90%
755UK
87.5%
6,972Vietnam
87.5%
5,015India
87.5%
1,357Russia
86.3%
1,364South Korea
86.3%
644Canada
85%
8,771Philippines
85%
1,762Pakistan
82.5%
746Iran
81.3%
704Germany
80%
6,432Laos
78.8%
3,815Thailand
77.5%
Number of Immigrants Country % Correct
542Guatemala
76.3%
1,644El Salvador
75%
345Peru
75%
507Cambodia
71.3%
350Colombia
71.3%
374Nicaragua
68.8%
5,027Fiji
67.5%
1,340Ukraine
67.5%
934Taiwan
65%
426Portugal
60%
340Romania
55%
335Armenia
51.3%
398Ethiopia
45%
344Uzbekistan
28.8%
566Moldova
27.5%

You're not logged in!

Compare scores with friends on all Sporcle quizzes.
OR
Log In

Sporcle TV

Today on Sporcle TV


Watch our educational content, quiz creation guides, and fun videos on Sporcle TV.

Show Comments

Extras

Top Quizzes Today


Score Distribution

Your Account Isn't Verified!

In order to create a playlist on Sporcle, you need to verify the email address you used during registration. Go to your Sporcle Settings to finish the process.

Report this User

Report this user for behavior that violates our Community Guidelines.

Details: